Manejo poscosecha de tomate
Guardat en:
| Autor corporatiu: | |
|---|---|
| Format: | Llibre |
| Idioma: | espanyol |
| Publicat: |
Buenos Aires
Corporación del Mercado Central de Buenos Aires
2000
|
| Edició: | 1a. ed |
| Matèries: | |
| Etiquetes: |
Afegir etiqueta
Sense etiquetes, Sigues el primer a etiquetar aquest registre!
|
MARC
| LEADER | 00000nam a2200000 a 4500 | ||
|---|---|---|---|
| 001 | UCK1747 | ||
| 003 | CL-VaPUC | ||
| 008 | 041126e20001000AG |||||||||||||||||spa|d | ||
| 082 | 0 | 4 | |a 635.642 |b COR |2 21 |
| 110 | 2 | |a Corporación del Mercado Central de Buenos Aires |e author |9 489602 | |
| 245 | 1 | 0 | |a Manejo poscosecha de tomate |
| 250 | |a 1a. ed | ||
| 300 | |a 36 p | ||
| 942 | |c BK | ||
| 945 | |d 20041126 00:00:00 |a vberengu | ||
| 260 | |a Buenos Aires |b Corporación del Mercado Central de Buenos Aires |c 2000 | ||
| 650 | 0 | |a Cultivo de hortalizas |9 338094 | |
| 650 | 7 | |a TOMATE |2 CL-VaPUC |9 264158 | |
| 650 | 0 | |a Control de calidad |9 259714 | |
| 583 | |a last modification |c 20041126 00:00:00 |k Rodrigo Vera | ||
| 999 | |c 311560 |d 311558 | ||